000 00329pab a2200121 454500
008 180718b xxu||||| |||| 00| 0 eng d
100 _aRamachandra, C.
245 _aMunicipal finance in Andhra Pradesh
650 _a Municipal Finance
650 _aMunicipal Financie - India - Andhra Pradesh
773 _aNagarlok
909 _a22803
999 _c22803
_d22803